00849nam a22002177a 4500999001700000005001700017008004100034040002700075041000800102044000700110082002000117110007900137245019000216260003800406300003100444650002600475650003000501650005200531651003300583942001500616 c20682d2068220200104041807.0200102b xxu||||| |||| 00| 0 spa d aCO-BoIAVH cCO-BoIAVH  aspa acl a363.70561bN11a aNaciones Unidas.bComisión Económica para América Latina y el Caribe aAcuerdo Regional sobre el Acceso a la Información, la Participación Pública y el Acceso a la Justicia en Asuntos Ambientales en América Latina y el CaribecNaciones Unidas CEPAL aSantiago,bNaciones Unidas,c2018 a39 páginasc21.5 x 14 cm 0aDesarrollo sostenible 0aParticipación ciudadana 0aParticipación Ciudadana y Educacion Ambiental 0aAmérica Latina y el Caribe 2ddccLIBRO